[Event "Vignola Weekend-A 9th"]
[Site "Vignola"]
[Date "2010.11.12"]
[Round "1"]
[White "Acciaioli, Fabio"]
[Black "Santamato, Luigi"]
[Result "1-0"]
[WhiteElo "1858"]
[BlackElo "1606"]
[PlyCount "123"]
[EventDate "2010.11.12"]
[EventType "swiss"]
[EventRounds "5"]
[EventCountry "ITA"]
[SourceTitle "EXT 2024"]
[Source "ChessBase"]
[SourceDate "2023.10.10"]
[SourceVersion "1"]
[SourceVersionDate "2023.10.10"]
[SourceQuality "1"]

1. g3 d5 2. Bg2 Nf6 3. Nf3 c6 4. 0-0 Bf5 5. d3 e6 6. c4 Nbd7 7. Be3 Be7 8. Qb3 Qc7 9. Rc1 dxc4 10. Qxc4 Nb6 11. Qb3 Nbd5 12. Bd2 Bg6 13. e4 Nb6 14. Nc3 0-0 15. a4 a5 16. Bf4 Qd8 17. Nh4 Bb4 18. Rd1 Nbd7 19. Nxg6 hxg6 20. d4 Qe7 21. Na2 e5 22. dxe5 Nxe5 23. Nxb4 axb4 24. Bxe5 Qxe5 25. Qxb4 Rfe8 26. f3 g5 27. Qd4 Qc7 28. Qd3 Qe5 29. b4 g4 30. f4 Qe6 31. e5 Nd5 32. Bxd5 cxd5 33. Qd4 Red8 34. a5 Qa6 35. Rac1 Qe2 36. Rd2 Qe4 37. Rc5 Qe1+ 38. Kg2 Qe4+ 39. Qxe4 dxe4 40. Rcd5 Rxd5 41. Rxd5 Rc8 42. Rd2 Rc3 43. Rb2 e3 44. h3 Rd3 45. Kf1 Rd1+ 46. Ke2 Rh1 47. Kxe3 gxh3 48. Kf3 Rf1+ 49. Kg4 Rh1 50. b5 h2 51. Kh3 Ra1 52. Kxh2 Rxa5 53. b6 Kf8 54. Kh3 Ke7 55. Rc2 Ke6 56. Rc7 Rb5 57. Rxb7 Rb3 58. Kg4 Rb4 59. Rb8 f6 60. b7 Kf7 61. exf6 gxf6 62. Rh8 1-0

[Event "Fermo Provinciale-ch FM"]
[Site "Porto San Giorgio"]
[Date "2010.01.31"]
[Round "6"]
[White "Guglielmi, Dante"]
[Black "Acciaioli, Fabio"]
[Result "1/2-1/2"]
[WhiteElo "1910"]
[BlackElo "1833"]
[PlyCount "106"]
[EventDate "2010.01.23"]
[EventType "swiss"]
[EventRounds "6"]
[EventCountry "ITA"]
[SourceTitle "EXT 2024"]
[Source "ChessBase"]
[SourceDate "2023.10.10"]
[SourceVersion "1"]
[SourceVersionDate "2023.10.10"]
[SourceQuality "1"]

1. c4 g6 2. Nc3 Bg7 3. g3 Nc6 4. Bg2 e6 5. e3 Nge7 6. d4 d5 7. b3 0-0 8. Nge2 Na5 9. Qd3 b6 10. cxd5 exd5 11. Ba3 c6 12. 0-0 Re8 13. Rac1 Bd7 14. e4 dxe4 15. Bxe4 Rc8 16. Qa6 Nf5 17. Rfd1 Rc7 18. d5 cxd5 19. Bxd5 Qf6 20. Bg2 Bc6 21. Nd5 Bxd5 22. Rxc7 Bxg2 23. Kxg2 Qe6 24. Nf4 Qe4+ 25. Kh3 g5 26. Qd3 Qe5 27. Nh5 g4+ 28. Kg2 Nh4+ 29. gxh4 Qxc7 30. Nxg7 Kxg7 31. Bb2+ Kg8 32. Qd4 Qc6+ 33. Kg1 f6 34. Qxf6 Qxf6 35. Bxf6 Re2 36. Rd7 Re6 37. Bd4 Nc6 38. Be3 Kh8 39. Rc7 Kg8 40. Bd2 Ne5 41. Bc3 a6 42. Kg2 h5 43. Rh7 Nd3 44. Kg3 Nc5 45. Rc7 Re2 46. Rg7+ Kf8 47. Rh7 Ne4+ 48. Kg2 Nxc3 49. Rxh5 Ne4 50. Rf5+ Ke7 51. Kf1 Nc3 52. h5 Ke6 53. Rf4 Re4 1/2-1/2

[Event "Rivarolo Mantovano Weekend 5th"]
[Site "Rivarolo Mantovano"]
[Date "2007.10.13"]
[Round "3"]
[White "Acciaioli, Fabio"]
[Black "De Palma, Fabrizio"]
[Result "0-1"]
[WhiteElo "1754"]
[BlackElo "1972"]
[PlyCount "64"]
[EventDate "2007.10.12"]
[EventType "swiss"]
[EventRounds "5"]
[EventCountry "ITA"]
[SourceTitle "EXT 2010"]
[Source "ChessBase"]
[SourceDate "2010.11.25"]
[SourceVersion "1"]
[SourceVersionDate "2010.11.25"]
[SourceQuality "1"]

1. e4 c5 2. Nc3 e6 3. f4 Nc6 4. Nf3 g6 5. d3 Bg7 6. g3 Nge7 7. Bg2 0-0 8. 0-0 d5 9. e5 a6 10. a4 Qc7 11. Bd2 Bd7 12. g4 f6 13. exf6 Rxf6 14. Qc1 Rff8 15. Kh1 Rac8 16. Re1 Nd4 17. Ne2 Nxf3 18. Bxf3 e5 19. Nc3 Bc6 20. Rf1 exf4 21. Qe1 Rce8 22. Qh4 Qd6 23. Rae1 h6 24. Qh3 g5 25. Qg2 Kh8 26. Re2 Ng6 27. Be1 Ne5 28. Bf2 Nxf3 29. Qxf3 Bxc3 30. bxc3 Rxe2 31. Qxe2 d4+ 32. Kg1 Re8 0-1

[Event "Castelfidardo op 6th"]
[Site "Castelfidardo"]
[Date "2002.10.26"]
[Round "4"]
[White "Acciaioli, Fabio"]
[Black "Morici, Marco"]
[Result "0-1"]
[WhiteElo "1524"]
[BlackElo "1621"]
[PlyCount "74"]
[EventDate "2002.10.19"]
[EventType "swiss"]
[EventRounds "6"]
[EventCountry "ITA"]
[SourceTitle "EXT 2007"]
[Source "ChessBase"]
[SourceDate "2006.11.23"]
[SourceVersion "1"]
[SourceVersionDate "2006.11.23"]
[SourceQuality "1"]

1. d4 e6 2. Nf3 Nf6 3. Bg5 Be7 4. Nbd2 d5 5. e3 0-0 6. Bd3 Nc6 7. c3 b6 8. 0-0 Bb7 9. Ne5 Nxe5 10. dxe5 Nd7 11. Bf4 Nc5 12. Bc2 Ba6 13. Nf3 Bxf1 14. Qxf1 Nd7 15. Qd3 f5 16. Nd4 Nc5 17. Qd2 Qd7 18. f3 a6 19. b4 Nb7 20. Bb3 c6 21. e4 fxe4 22. fxe4 Rad8 23. Rd1 c5 24. Nxe6 Qxe6 25. exd5 Qf7 26. Be3 Qe8 27. d6+ Kh8 28. Qe2 Nxd6 29. exd6 Bxd6 30. Re1 cxb4 31. cxb4 Bxb4 32. Rf1 Rxf1+ 33. Kxf1 Qf8+ 34. Qf2 Qd6 35. Kg1 Rf8 36. Qe2 Bc5 37. Kh1 Bxe3 0-1

[Event "Castelfidardo op 6th"]
[Site "Castelfidardo"]
[Date "2002.10.19"]
[Round "1"]
[White "Rinaudo, Sergio"]
[Black "Acciaioli, Fabio"]
[Result "1-0"]
[WhiteElo "1864"]
[BlackElo "1524"]
[PlyCount "63"]
[EventDate "2002.10.19"]
[EventType "swiss"]
[EventRounds "6"]
[EventCountry "ITA"]
[SourceTitle "EXT 2007"]
[Source "ChessBase"]
[SourceDate "2006.11.23"]
[SourceVersion "1"]
[SourceVersionDate "2006.11.23"]
[SourceQuality "1"]

1. d4 Nf6 2. Nf3 g6 3. Nbd2 Bg7 4. e4 d6 5. Bd3 Nbd7 6. c3 c6 7. 0-0 0-0 8. Re1 Qc7 9. Qc2 e5 10. b3 Re8 11. Ba3 b5 12. Rac1 a6 13. dxe5 Nxe5 14. Nxe5 dxe5 15. c4 Qa5 16. Bb2 Bh6 17. Rcd1 Bg7 18. h3 Bb7 19. Nf3 Nd7 20. a3 Rac8 21. b4 Qb6 22. Qb3 c5 23. cxb5 axb5 24. bxc5 Rxc5 25. Ng5 Qf6 26. Bxb5 Rxb5 27. Qxb5 Bc6 28. Qc4 Rb8 29. Ba1 Rb5 30. Nxf7 Rc5 31. Nh6+ Kh8 32. Qg8# 1-0